|
|
|
|
| LEADER |
00000cam a2200000 7i4500 |
| 001 |
0000029863 |
| 005 |
20241129.0 |
| 008 |
220531 my a eng |
| 040 |
|
|
|a INS
|b eng
|c INS
|e rda
|
| 090 |
0 |
0 |
|a Research 377
|b 2020
|
| 100 |
0 |
|
|a Shazmin Shareena Ab. Azis ,
|e author
|
| 245 |
1 |
0 |
|a Green roof for sustainable urban flood control via cost benefit approach for local authority
|c Shazmin Shareena, Muhammad Najib Bin Mohamed Razali, Nurul Hana Adi Maimun, Mohd Shahril Ab. Rahman, Nurul Syakima Mohd Yusoff
|
| 264 |
|
0 |
|c 2020
|
| 300 |
|
|
|a xii, 68 pages :
|b illustrations, pictures ;
|c 30 cm.
|
| 336 |
|
|
|a text
|2 rdacontent
|
| 337 |
|
|
|a unmediated
|2 rdamedia
|
| 338 |
|
|
|a volume
|2 rdacarrier
|
| 650 |
|
0 |
|a Buildings
|x Environmental aspects
|
| 650 |
|
0 |
|a Flood control
|
| 650 |
|
0 |
|a Green roofs
|
| 700 |
0 |
|
|a Mohd Shahril Ab. Rahman ,
|e author
|
| 700 |
0 |
|
|a Muhammad Najib Bin Mohamed Razal ,
|e author
|
| 700 |
0 |
|
|a Nurul Hana Adi Maimun ,
|e author
|
| 700 |
0 |
|
|a Nurul Syakima Mohd Yusoff ,
|e author
|
| 999 |
|
|
|a RES0000647
|b BOOK
|c Research By JPPH Staff
|e Default branch
|